LIBRARY & INFORMATION CENTRE, KCAET, TAVANUR

ONLINE PUBLIC ACCESS CATALOGUE (OPAC)

George crabbe: Selections from his poetry / (Record no. 4208)

MARC details
000 -LEADER
fixed length control field 00467cam a2200169ua 4500
041 ## - LANGUAGE CODE
Language code of text/sound track or separate title eng
082 ## - DEWEY DECIMAL CLASSIFICATION NUMBER
Classification number 821
Item number WHI/GE
100 ## - MAIN ENTRY--AUTHOR NAME
Personal name Whitehead, Frank .
245 00 - TITLE STATEMENT
Title George crabbe: Selections from his poetry /
260 ## - PUBLICATION, DISTRIBUTION, ETC. (IMPRINT)
Place of publication London :
Name of publisher Chatto and Windus ,
Year of publication 1965.
300 ## - PHYSICAL DESCRIPTION
Number of Pages 204 ; .
490 0# - SERIES STATEMENT
Series statement The Queen`s Classics,
Volume number/sequential designation
942 ## - ADDED ENTRY ELEMENTS (KOHA)
Koha item type Books
Holdings
Withdrawn status Lost status Damaged status Home library Current library Date acquired Full call number Accession Number Koha item type
Withdrawn     KAUAET Malayalam University 07/04/2012 821 11632 Books
free website counter